| 000 | 00870nam a2200289 a 4500 | ||
|---|---|---|---|
| 001 | BRCA_6576 | ||
| 005 | 20190320205517.0 | ||
| 008 | 300911s1996----pe-a######---#000-0#spa-# | ||
| 020 | _a9972663043 | ||
| 041 | _aspa | ||
| 044 | _ape | ||
| 050 | 4 |
_aBT966.2 _b.M85 1996 |
|
| 100 | 1 |
_aMujica Pinilla, Ramón _916401 |
|
| 245 | 1 | 0 |
_aÁngeles apócrifos en la América virreinal _cRamón Mujica Pinilla. |
| 250 | _a2 | ||
| 260 |
_aPerú _bFCE _c1996 |
||
| 300 |
_a376 p. _bil. (algunas a color) _c23 cm. |
||
| 440 | 0 |
_aSección Obras de Historia _916402 |
|
| 500 | _aDonación Dra. Elsa Barberena | ||
| 504 | _aBibliografía: p. 353-376 | ||
| 650 | 1 | 4 |
_aÁngeles _xCulto _916403 |
| 650 | 1 | 4 |
_aÁngeles en el arte _93686 |
| 650 | 1 | 4 |
_aContrarreforma _zAmérica Latina _916404 |
| 651 | 4 |
_aLatinoamérica _xHistoria _ySiglo XIX _916405 |
|
| 902 | _aDEB | ||
| 942 |
_2lcc _cB |
||
| 999 |
_c6260 _d6260 |
||